000 00402nmm a2200145Ia 4500
008 251105s9999||||xx |||||||||||||||||und||
041 _aspa
100 _aRoa, Sebastian
245 0 _aEl ejército de Dios
264 _a[Madrid, España] :
_bEdiciones B,
_c2015
300 _a1246 páginas
650 _aHistorical fiction
856 _uhttps://public.digitaliapublishing.com/a/53608
942 _cCF
999 _c105595
_d105595